| 000 | 00440nam a2200181Ia 4500 | ||
|---|---|---|---|
| 001 | 22355 | ||
| 005 | 20260414150825.0 | ||
| 008 | 260414t2005||||xx |||||||||||||| ||spa|| | ||
| 041 | _aESP | ||
| 082 |
_a621.37 _bD86 |
||
| 100 |
_aDoebelin, Ernest E. _eAUT |
||
| 245 | 0 |
_aSistemas de medición e instrumentación _b |
|
| 260 | _c2005 | ||
| 300 |
_a970 páginas : _c27 cm. |
||
| 650 | _aTCA | ||
| 654 | _aCET | ||
| 942 |
_cLIB _dJUS _fJUS _2ddc _n |
||
| 999 |
_c22355 _d22355 |
||